书目信息 |
| 题名: |
光电技术
|
|
| 作者: | 王庆有 主编 ;张存林 , 马宏 , 蓝天 编著 | |
| 分册: | ||
| 出版信息: | 北京 电子工业出版社 2005.04 |
|
| 页数: | 368页 | |
| 开本: | 24cm | |
| 丛书名: | ||
| 单 册: | ||
| 中图分类: | TN2 | |
| 科图分类: | ||
| 主题词: | 光电子技术--guang dian zi ji shu--高等学校--教材 | |
| 电子资源: | ||
| ISBN: | 7-121-01043-7 | |
| 000 | 01036nam0 2200277 450 | |
| 001 | 012006090311 | |
| 005 | 20061030164833.12 | |
| 010 | @a7-121-01043-7@dCNY30.00 | |
| 100 | @a20060619d2005 km y0chiy0120 ea | |
| 101 | 0 | @achi |
| 102 | @aCN@b110000 | |
| 105 | @aa a 000yy | |
| 200 | 1 | @a光电技术@Aguang dian ji shu@f王庆有主编@Fwang qing you zhu bian@g蓝天 … [等] 编著@Glan tian…[deng]bian zhu |
| 210 | @a北京@c电子工业出版社@d2005.04 | |
| 215 | @a368页@c图@d24cm | |
| 304 | @a编者还有张存林, 马宏, 王勤 | |
| 320 | @a有书目 (第366-368页)。 | |
| 330 | @a本书系统地介绍了光电技术的基本概念、各种光电器件的工作原理与特性、发展趋势和典型应用等。主要内容包括:光电技术基础,光电导器件,光生伏特器件,光电发射器件,热辐射探测器等。 | |
| 606 | 0 | @a光电子技术@Aguang dian zi ji shu@x高等学校@j教材 |
| 690 | @aTN2@v4 | |
| 701 | 0 | @a王庆有@Awang qing you@4主编 |
| 702 | 0 | @a张存林@Azhang cun lin@4编著 |
| 702 | 0 | @a马宏@Ama hong@4编著 |
| 702 | 0 | @a蓝天@Alan tian@4编著 |
| 801 | 0 | @aCN@c20061030 |
| 905 | @a10447@dTN2@eW318 | |
| 光电技术/王庆有主编/蓝天 … [等] 编著.-北京:电子工业出版社,2005.04 |
| 368页:图;24cm |
| ISBN 7-121-01043-7:CNY30.00 |
| 本书系统地介绍了光电技术的基本概念、各种光电器件的工作原理与特性、发展趋势和典型应用等。主要内容包括:光电技术基础,光电导器件,光生伏特器件,光电发射器件,热辐射探测器等。 |
| ● |
| 相关链接 |
|
|
|
正题名:光电技术
索取号:TN2/W318
 
预约/预借
| 序号 | 登录号 | 条形码 | 馆藏地/架位号 | 状态 | 备注 |
| 1 | 589666 | 205896663 | 自科库301/301自科库 25排2列3层/ [索取号:TN2/W318] | 在馆 | |
| 2 | 589667 | 205896672 | 自科库301/301自科库 18排3列4层/ [索取号:TN2/W318] | 在馆 | |
| 3 | 589668 | 205896681 | 自科库301/301自科库 18排3列4层/ [索取号:TN2/W318] | 在馆 | |
| 4 | 633769 | 206337695 | 自科库301/301自科库 25排2列3层/ [索取号:TN2/W318] | 在馆 |